000 00354 a2200085 4500
100 1 _aPodemski, Alfons.
_eAutor
245 0 _aSumowanie zniekształceń fazy różnicowej i wzmocnienia różnicowego sygnałów telewizji barwnej (praca doktorska) /
_cPodemski Alfons.
710 2 _aInstytut Łączności.
_eWydawca
_4pbl
260 _aWarszawa :
_bIŁ,
_c1971.
300 _a127 s.;
_c34 cm.
999 _c16410
_d16410